O potrzebie publikowania polskich dokumentów dyplomatycznych
| Titel: | O potrzebie publikowania polskich dokumentów dyplomatycznych |
|---|---|
| Verfasser: | |
| In: |
Studia z dziejów Rosji i Europy Środkowo-Wschodniej, Band 42 (2007), Seite 287-292 alle Artikel anzeigen |
| Veröffentlicht: | 2007 |
| Format: | Aufsatz |
| Sprache: | Polnisch |
X
alg: 39509847 001A $01999:12-11-16 001B $01999:04-08-21 $t21:04:42.000 001C $06050:19-11-16 $t09:38:00.000 001D $01999:12-11-16 001U $0utf8 001X $00 002@ $0Aox 003@ $0395098475 007A $0395098475 $aHEB 007T $0Herdc0099183m 010@ $apol 011@ $a2007 021A $aO potrzebie publikowania polskich dokumentów dyplomatycznych 028A $aBartoszewicz $dHenryk 031A $d42 $h287-292 $j2007 039B $aIn $8--Abvc--. Studia z dziejów Rosji i Europy Środkowo-Wschodniej. - Warszawa : Wydawn. Naukowe Semper, 1992-. - ISSN 1230-5057 $x200700000420000713 $9048641332 039T $8--Acu--. Polskie dokumenty dyplomatyczne 1939. - Warszawa : Polski Insytut Spraw Mie̜dzynarodowych $9133620581 045F $a900.9438 $eDDC23BSB 045F/01 $a900 045F/03 $g438 045T $a7,41 lok: 39509847 78 exp: 39509847 78 1 #EPN 201B/01 $018-11-16 $t13:44:30.000 201U/01 $0utf8 203@/01 $0791397106 208@/01 $a12-11-16 $be 209A/01 $a/ $f000 $x00 220C/01 $aTitelaufnehmer: pg 220C/01 $aHerkunft: PBB/IH PAN 220C/01 $aAnmerkung: Rec.: ; Bartoszewicz Henryk. O potrzebie publikowania polskich dokumentów dyplomatycznych, Studia z Dziejów Rosji i Europy Środk.-Wsch. T. 42. 2007, . , . 287-292 244Z/01 $2Trx $#Poola $#Lenkija $#Polija $#Polen Land $#Poland $#Lengyelország $#Poľsko $#Polsko $8--Trx--Polska$gkraj $x01 $9391345966 244Z/01 $2Trx $#arvustused $#recenzijos $#Reviews $#recenziók $#recenzje $#recenzie $#recenze $8--Trx--Rezensionen $x02 $9391357441 247C/01 $82080>Marburg/Lahn, Herder-Institut, Forschungsbibliothek, Bibliographieportal $9336309341
| LEADER | 00000caa a22000002c 4500 | ||
|---|---|---|---|
| 001 | 395098475 | ||
| 003 | DE-603 | ||
| 005 | 20210804210442.0 | ||
| 007 | tu | ||
| 008 | 161112s2007 xx |||| | u00||u|pol c | ||
| 035 | |a (DE-599)HEB395098475 | ||
| 040 | |a DE-603 |b ger |c DE-603 |d DE-603 | ||
| 041 | |a pol | ||
| 082 | 0 | 4 | |8 1\u |a 900.9438 |q DE-101 |2 23/BSB |
| 084 | |a 7,41 |2 ssgn | ||
| 085 | |8 1\u |b 900 | ||
| 085 | |8 1\u |z 2 |s 438 | ||
| 100 | 1 | |a Bartoszewicz, Henryk | |
| 245 | 0 | 0 | |a O potrzebie publikowania polskich dokumentów dyplomatycznych |
| 264 | 0 | |c 2007 | |
| 773 | 0 | 8 | |i In |t Studia z dziejów Rosji i Europy Środkowo-Wschodniej |d Warszawa : Wydawn. Naukowe Semper, 1992- |x 1230-5057 |g Band 42 (2007), Seite 287-292 |w (DE-603)048641332 |w (DE-600)1176803-4 |
| 787 | 0 | 8 | |i Rezension von |t Polskie dokumenty dyplomatyczne 1939 |d Warszawa : Polski Insytut Spraw Mie̜dzynarodowych |w (DE-603)133620581 |
| 924 | 0 | |9 2080 |a (DE-603)791397106 |b DE-2080 |c HES |d d |g / | |


